| 000 | 01705 a2200253 4500 | ||
|---|---|---|---|
| 001 | 27274 | ||
| 005 | 20260407155549.0 | ||
| 008 | 260407a1995 arg spa d | ||
| 003 | AR-UNSa-BCEJYS | ||
| 040 |
_aAR-UNSa-BCEJYS _bspa _cAR-UNSa-BCEJYS |
||
| 080 |
_a658.5 _xPlanificación y control de la producción |
||
| 245 | 1 | 0 |
_aDirección de operaciones _pAspectos tácticos y operativos en la producción y los servicios |
| 020 | _a84-481-1803-0 | ||
| 264 | 1 |
_aMadrid : _bMcGraw-Hill _c1995 |
|
| 300 |
_axxvii, 503 p. _c25 cm. |
||
| 505 | _aParte I: Planificación, programación y control de las operaciones: 1. Introducción a la planificación y control de la producción - 2. Una introducción a la planificación y control de la capacidad - 3. Planificación agregada y programación maestra de la producción - 4. Los sistemas MRP(I): El MRP originario - 5. Los sistemas MRP(II): MRP versus MRP - 6. La filosofía justo a tiempo(I): Introducción, planificación y control - 7. La filosofía justo a tiempo (II): Adecuación del subsistema de operacions y otros aspectos de interés - 8. Tecnología de producción optimizada (OPT)y teoría de las limitaciones (TOC) - 9. Planificación y control a muy corto plazo - 10. Planificación, programación y control de proyectos - Parte II: Métodos operativos - Parte III: La Calidad: su gestión y control - Parte III: La gestión de stocks de productos terminados. | ||
| 942 | _cBK | ||
| 590 | _aniveau_biblio:m niveau_hierar:0 | ||
| 100 | 1 | _aDominguez Machuca, José Antonio | |
| 700 | 1 | _aGarcia González, Santiago | |
| 700 | 1 | _aRuíz Jiménez, Antonio | |
| 700 | 1 | _aDomínguez Machuca, Miguel Angel | |
| 700 | 1 | _aAlvarez Gil, María José | |
| 999 |
_c1571 _d1571 |
||